03040cam a22012254i 4500003000900000005001700009008004100026020001500067020001800082035002700100040004300127082002200170082002100192100004100213245008800254250002300342264003400365300005500399300001400454336002100468337002500489338002300514505043100537526000900968526000900977526000900986526000900995526000901004526000901013526000901022526000901031526000901040526000901049526000901058526000901067526000901076526000901085526000901094526000901103526000901112526000901121526000901130526000901139526000901148526000901157526000901166526000901175526000901184526000901193526000901202526000901211526000901220526000901229526000901238526000901247526000901256526000901265526000901274526000901283526000901292526000801301526000801309526000801317526000801325526000801333526000801341526000801349526000801357526000801365526000801373526000801381526000801389526000801397526000801405526000801413526000801421526000801429526000801437526000801445526000801453526000801461526000801469526000801477526000801485526000801493526000801501526000801509526000801517526000801525526000801533526000801541526000801549526000801557526000801565526000801573541001701581541001601598541001601614650002701630650002701657650003601684650003001720650003301750651003101783PE-LiUPU20250813185618.0150706s2012    pe a    r     000 0 spa d  a612304057X  a9786123040574  a(Sirsi) i9786123040574  aPE-LiUPUbspacPE-LiUPUdPE-LiUPUerda04a382.0985bG6922104a381.02bG71 20121 aGonzales Montenegro, Yanina,eautor.10aAprende fácil a exportar e importar :bpaso a paso /cYanina Gonzales Montenegro.  aPrimera edición. 1aLima, Perú :bMacro,c2012.  a286 páginas :bilustraciones ;c24 centímetros  a04 CD-ROM  atext2rdacontent  aunmediated2rdamedia  avolume2rdacarrier0 aNegocios internacionales -- Regímenes aduaneros -- Procedimientos generales de importación para el consumo -- Importación pasó a paso -- Documentos necesarios para la importación -- Procedimiento general de Exportación -- Exportación pasó a paso -- Incoterms 2011 -- Sanciones aduaneras -- Auditorias de la SUNAT a los operadores de comercio exterior -- Crédito documentario -- Modelos de escritos aduaneros.  aP202  aP201  aP163  aP162  aP161  aP160  aP148  aP147  aP146  aP145  aP144  aP143  aP142  aP141  aP140  aP139  aP138  aP137  aP136  aP135  aP134  aP133  aP129  aP128  aP127  aP120  aP119  aP118  aP116  aP115  aP114  aP110  aP109  aP108  aP104  aP103  aP102  aP99  aP98  aP97  aP96  aP95  aP93  aP90  aP89  aP88  aP83  aP82  aP62  aP59  aP58  aP57  aP51  aP49  aP48  aP47  aP29  aP24  aP20  aP19  aP17  aP15  aP14  aP12  aP10  aP09  aP08  aP07  aP06  aP05  aP04  aP01  g001-0036519;  g001-000063;  g001-000063;14aImportaciónzPerú.14aExportaciónzPerú.24aComercio internacionalzPerú.24aDerecho aduanerozPerú.24aAranceles de aduanazPerú. 4aPerúxComercio exterior.